| LEADER | 02503nam a2200469 i 4500 | ||
|---|---|---|---|
| 001 | 312751 | ||
| 003 | CZ PrSKC | ||
| 005 | 20260601215728.0 | ||
| 007 | ta | ||
| 008 | 250612s2025 xr e 000 f cze | ||
| 015 | |a cnb003689983 | ||
| 020 | |a 9788076838291 |q (vázáno) : |c Kč 499,00 | ||
| 035 | |a (OCoLC)1531362682 | ||
| 040 | |a ABG001 |b cze |d ABA001 |e rda | ||
| 041 | 1 | |a cze |h eng | |
| 072 | 7 | |a 821.111-3 |x Anglická próza, anglicky psaná |2 Konspekt | |
| 080 | |a 821.111-31 |2 MRF | ||
| 080 | |a (0:82-993) |2 MRF | ||
| 100 | 1 | |a Malpas, Jodi Ellen, |d 1980- |7 ola2014847328 |4 aut | |
| 240 | 1 | 0 | |a With this man. |l Česky |
| 245 | 1 | 0 | |a This man. |p S tímto mužem / |c Jodi Ellen Malpasová ; z anglického originálu With this man ... přeložila Zdeňka Lišková |
| 246 | 3 | 0 | |a S tímto mužem |
| 250 | |a První vydání | ||
| 264 | 1 | |a Praha : |b XYZ, |c 2025 | |
| 300 | |a 527 stran ; |c 22 cm | ||
| 336 | |a text |b txt |2 rdacontent | ||
| 337 | |a bez média |b n |2 rdamedia | ||
| 338 | |a svazek |b nc |2 rdacarrier | ||
| 520 | 2 | |a Další pokračování eroticko-romantické románové série. |b Jesse Ward je šarmantní, ve skvělé formě a jeho žena Ava ho bezmezně miluje. Vše je dokonalé a plně pod kontrolou, přesně tak, jak to má Jesse rád. Když však Ava skončí v nemocnici s potenciálně smrtícím zraněním hlavy, Jesseho svět se začne rozpadat. Naštěstí se Ava po čase vrací domů, má to ovšem jeden háček - nepamatuje si posledních šestnáct let svého života a on je pro ni cizí. Jesse teď musí udělat cokoli, aby oživil její vzpomínky... a pomohl jí znovu se do něj bláznivě, vášnivě zamilovat. Nakladatelská anotace. | |
| 546 | |a Český text | ||
| 655 | 7 | |a anglické romány |7 fd131814 |2 czenas | |
| 655 | 7 | |a erotické romány |7 fd132211 |2 czenas | |
| 655 | 9 | |a English fiction |2 eczenas | |
| 655 | 9 | |a erotic novels |2 eczenas | |
| 700 | 1 | |a Lišková, Zdenka |7 pna2012730651 |4 trl | |
| 787 | 0 | 8 | |i Z cyklu: |t Tento muž |g 4 |
| 900 | |a ABA001 |b 20 | ||
| 928 | 9 | |a Albatros Media - XYZ | |
| 044 | |a xr | ||
| 910 | |a RBIT002 | ||
| 998 | |d 420961 |a https://core.palmknihy.cz/api/books/420961/cover?sxw78l |b https://core.palmknihy.cz/api/books/420961/cover/400?sxw78l |c https://core.palmknihy.cz/api/books/420961/cover/50?sxw78l |e 2030-01-08 |g 536 |i 9788076838291 |j https://core.palmknihy.cz/api/books/420961/preview.epub |k https://core.palmknihy.cz/api/books/420961/preview.pdf |l |q 49 |r 1 |s https://www.palmknihy.cz/kniha/420961 |t ebook |y 2025 |z 0 |v Tento muž |w 4 | ||
| 999 | |d 312749 | ||